000 00871nam a2200265Ia 4500
003 OSt
005 20220925190256.0
006 a|||||r|||| 00| 0
007 ta
008 220923b |||||||| |||| 00| 0 eng d
020 _c1233.24
037 _b2205/
_25.00, 05/04/2000, Elite
_cGeneral Book
040 _aRTL
_cRTL
_beng
041 _2eng
_aeng
082 _aY:3(X:51).273.N9, N8
100 _aYang Anand A
_9105529
245 0 _aBazaar India
_b Markets society and the colonial stateingangetic Bhiar
260 _aBerkeley
_bUniversity of California Press
_c1998
300 _axi, 305p
_ccm.
500 _aBibliography: P 275-95
541 _25.00, 05/04/2000, Elite
650 _a Marketing
_915998
650 _aSociology irt Economics
_9237908
942 _hY:3(X:51).273.N9, N8
_cGB
_2CC
999 _c513958
_d513958